[Event "Mistrzostwa Polski Juniorow do lat 16 - Dziewczeta"]
[Site "Jastrzebia Gora"]
[Date "1899-12-30"]
[Round "1.1"]
[White "Bandyk, Joanna"]
[Black "Siekanska, Maria"]
[Result "1-0"]
[WhiteTitle "I"]
[BlackTitle "k++"]
[WhiteElo "1459"]
[BlackElo "1996"]

1. e4 c5 2. Nf3 d6 3. d4 cxd4 4. Nxd4 Nf6 5. Nc3 a6 6. Bg5 e6 7. f4 Qb6 8. Nb3
Qc7 9. Qd2 b5 10. Bd3 Bb7 11. O-O-O Nbd7 12. Rhe1 Be7 13. Kb1 b4 14. Ne2 Bxe4
15. Ned4 Bxd3 16. Qxd3 O-O 17. Nf5 exf5 18. Rxe7 Ne4 19. Bh4 Rfe8 20. Qd5 Rxe7
21. Qxa8+ Nf8 22. Bxe7 Qxe7 23. Qxa6 Qh4 24. Qf1 Ne6 25. Nd2 d5 26. Nf3 Qxf4 27.
Rxd5 g6 28. Qe1 g5 29. Qc1 Qb8 30. Rxf5 g4 31. Nd2 Nd6 32. Rf1 Nb5 33. Nb3 Qxh2
34. Qd2 h5 35. Qd5 Nd6 36. Rd1 Ne8 37. Nd4 N8c7 38. Qe4 Qd6 39. Qd3 Nf4 40. Qd2
Qe6 1-0

[Event "Mistrzostwa Polski Juniorow do lat 16 - Dziewczeta"]
[Site "Jastrzebia Gora"]
[Date "1899-12-30"]
[Round "1.2"]
[White "Smietanska, Wiktoria"]
[Black "Niedorys, Karolina"]
[Result "1-0"]
[WhiteTitle "CM"]
[BlackTitle "I+"]
[WhiteElo "1954"]
[BlackElo "1458"]

1. e4 c5 2. Nf3 d6 3. d4 cxd4 4. Nxd4 Nf6 5. Nc3 g6 6. Be3 Bg7 7. f3 Nc6 8. Qd2
O-O 9. g4 d5 10. g5 Nh5 11. exd5 Nb4 12. O-O-O Nxd5 13. Ndb5 e6 14. Nxd5 exd5
15. Qxd5 Qxd5 16. Rxd5 Be6 17. Rd2 Rfc8 18. Kb1 a6 19. Nd4 Bd5 20. Nf5 Bxf3 21.
Ne7+ Kh8 22. Nxc8 Rxc8 23. Bg2 Bxg2 24. Rxg2 Be5 25. Rd2 Kg7 26. Bd4 Bxd4 27.
Rxd4 Re8 28. Rhd1 Re2 29. Rd7 Rxh2 30. Rf1 Nf4 31. Rxb7 h6 32. gxh6+ Kxh6 33.
Rxf7 g5 34. b4 Nd5 35. Re1 Nf4 36. Rd1 Kg6 37. Rf8 Rg2 38. a4 Kh5 39. b5 axb5
40. axb5 Kh4 41. b6 Kg3 42. b7 1-0

[Event "Mistrzostwa Polski Juniorow do lat 16 - Dziewczeta"]
[Site "Jastrzebia Gora"]
[Date "1899-12-30"]
[Round "1.23"]
[White "Butkiewicz, Hanna"]
[Black "Romejko, Jagoda"]
[Result "0-1"]
[WhiteTitle "I"]
[BlackTitle "I"]
[WhiteElo "1120"]
[BlackElo "1483"]

1. e4 d5 2. exd5 Qxd5 3. d4 Nc6 4. Nf3 Bg4 5. c3 Bxf3 6. gxf3 e5 7. Qe2 O-O-O 8.
dxe5 Nxe5 9. Nd2 Nf6 10. Ne4 Nxf3+ 11. Qxf3 Qxe4+ 12. Qxe4 Nxe4 13. Bg2 Bc5 14.
O-O Rhe8 15. a3 Nd2 16. Bxd2 Rxd2 17. b4 Bb6 18. c4 c6 19. c5 Bd8 20. Bf3 Bf6
21. Bg4+ Kc7 22. Rab1 Red8 23. a4 Bc3 24. Rfe1 Bf6 25. Bf3 Bh4 26. Rf1 Ra2 27.
Bd1 Rdd2 28. b5 Rxf2 29. Rxf2 Bxf2+ 30. Kh1 Bxc5 31. Bb3 Rf2 32. bxc6 bxc6 33.
Bc4 Rf4 34. Rc1 Be3 35. Rc3 Bd4 36. Rc2 Rg4 37. Rg2 Rxg2 38. Kxg2 f5 39. Be6 f4
40. Kf3 Be3 41. Bf5 h6 42. Be4 c5 43. Kg4 c4 44. Kf5 c3 45. Kg6 f3 0-1

[Event "Mistrzostwa Polski Juniorow do lat 16 - Dziewczeta"]
[Site "Jastrzebia Gora"]
[Date "1899-12-30"]
[Round "2.1"]
[White "Lazniewska, Zofia"]
[Black "Smietanska, Wiktoria"]
[Result "1/2-1/2"]
[WhiteTitle "I+"]
[BlackTitle "CM"]
[WhiteElo "1621"]
[BlackElo "1954"]

1. e4 c5 2. c3 d5 3. exd5 Qxd5 4. d4 Nc6 5. Nf3 Bg4 6. Be2 cxd4 7. cxd4 e6 8. Be3
Nf6 9. Nc3 Qa5 10. O-O Rd8 11. h3 Bh5 12. Qb3 Qb4 13. Qxb4 Bxb4 14. Rfd1 O-O 15.
Rac1 h6 16. Kf1 Ne7 17. Ne5 Bxe2+ 18. Kxe2 Nfd5 19. Nxd5 Nxd5 20. Rc4 Bd6 21.
Nd3 Be7 22. Rdc1 Bd6 23. Nc5 b6 24. Nd3 f6 25. a3 Kf7 26. Ra4 Rd7 27. Rac4 Rfd8
28. R1c2 Ne7 29. a4 Nf5 30. g4 Ne7 31. Nb4 h5 32. Nc6 Rh8 33. Nxe7 Kxe7 34. g5
Kf7 35. h4 fxg5 36. Bxg5 Be7 37. Rc7 Rhd8 38. f4 Bxg5 39. fxg5 Kg6 40. Rxd7 Rxd7
41. Ke3 Kf5 42. Rc4 Rf7 43. Kf3 Rb7 44. Rc8 Rf7 45. Rc4 Ke5+ 46. Ke4+ 1/2-1/2

[Event "Mistrzostwa Polski Juniorow do lat 16 - Dziewczeta"]
[Site "Jastrzebia Gora"]
[Date "1899-12-30"]
[Round "2.2"]
[White "Zielinska, Aleksandra"]
[Black "Pawicka, Magdalena"]
[Result "1-0"]
[WhiteTitle "I++"]
[BlackTitle "k+"]
[WhiteElo "1613"]
[BlackElo "1805"]

1. d4 Nf6 2. Nc3 d5 3. Bf4 c5 4. e3 a6 5. Be2 e6 6. h3 Bd6 7. Nf3 Nc6 8. O-O O-O
9. Na4 c4 10. b3 b5 11. Bxd6 Qxd6 12. Nc5 Nd7 13. Nxd7 Bxd7 14. c3 a5 15. a4 Na7
16. Ne5 Be8 17. axb5 Nxb5 18. Qc2 cxb3 19. Qxb3 a4 20. Qb2 Rb8 21. Rfb1 f6 22.
Nd3 Bd7 23. Qc1 Rfc8 24. Nc5 Qc6 25. Bxb5 Rxb5 26. Rxb5 Qxb5 27. Nxa4 Kf7 28.
Nc5 Rc7 29. Rb1 Qc6 30. Qb2 e5 31. Qb6 Qxb6 32. Rxb6 exd4 33. cxd4 Ke7 34. f3
Bf5 35. e4 dxe4 36. fxe4 Bg6 37. Re6+ Kf7 38. Rb6 Re7 39. Rb7 Rxb7 40. Nxb7 Ke7
41. Nc5 Kd6 42. Kf2 Be8 43. Kf3 Bb5 44. g3 Bf1 45. Kg4 Be2+ 46. Kf4 Bf1 47. h4
Bh3 48. g4 Ke7 49. d5 Bf1 50. Ne6 Kf7 51. g5 Bh3 52. Nd4 Bg2 53. gxf6 gxf6 54.
Nf5 Ke8 55. Ne3 Bh3 56. Ng4 Ke7 57. d6+ Kxd6 58. Nxf6 h6 59. Ng8 Be6 60. Nxh6
Ke7 61. Ke5 Bb3 62. Ng4 Kf7 63. Kf5 Be6+ 64. Kg5 Bb3 65. h5 Bc2 66. Nf6 Bb1 67.
h6 Bc2 68. e5 Bb1 69. Nd5 Bh7 70. Nf6 Bc2 71. Nh5 Bb1 72. Nf4 Bh7 73. e6+ Ke7
74. Ng6+ Ke8 75. Kf6 Bg8 76. e7 Bh7 77. Kg7 1-0

[Event "Mistrzostwa Polski Juniorow do lat 16 - Dziewczeta"]
[Site "Jastrzebia Gora"]
[Date "1899-12-30"]
[Round "2.12"]
[White "Sprzeczka, Emilia"]
[Black "Siekanska, Maria"]
[Result "0-1"]
[WhiteTitle "I++"]
[BlackTitle "k++"]
[WhiteElo "1887"]
[BlackElo "1996"]

1. e4 c5 2. c3 Nf6 3. e5 Nd5 4. Nf3 d6 5. exd6 e6 6. g3 Bxd6 7. Bg2 O-O 8. O-O
Nc6 9. d4 Qc7 10. Na3 a6 11. Nc4 Rd8 12. Nxd6 Qxd6 13. Re1 b5 14. Ne5 Bb7 15.
Qh5 Qf8 16. Ng4 Kh8 17. dxc5 f5 18. Ne5 Nxe5 19. Rxe5 Qxc5 20. Rxe6 Nf6 21. Be3
Qc4 22. Qxf5 Bc8 23. Bxa8 Bxe6 24. Qf3 Qc8 25. Bb7 Qd7 26. Bc6 Qc8 27. Bb6 Rd6
28. Bb7 Qd7 29. Bd4 Bg4 30. Qg2 Bh3 31. Qf3 Bg4 32. Qh1 Qf5 33. Re1 h5 34. h4
b4 35. Bxf6 Qxf6 36. Qe4 bxc3 37. Qe8+ Kh7 38. Be4+ g6 39. Bxg6+ Kh6 0-1

[Event "Mistrzostwa Polski Juniorow do lat 16 - Dziewczeta"]
[Site "Jastrzebia Gora"]
[Date "1899-12-30"]
[Round "3.5"]
[White "Smietanska, Wiktoria"]
[Black "Zielinska, Aleksandra"]
[Result "1-0"]
[WhiteTitle "CM"]
[BlackTitle "I++"]
[WhiteElo "1954"]
[BlackElo "1613"]

1. c4 e5 2. Nc3 Bb4 3. Nd5 Bc5 4. e3 c6 5. Nc3 Nf6 6. d4 exd4 7. exd4 Be7 8. Nf3
O-O 9. Bd3 d5 10. O-O Nbd7 11. cxd5 Nxd5 12. Nxd5 cxd5 13. Qb3 Nf6 14. Bg5 Rb8
15. Ne5 Be6 16. Rfe1 a6 17. Re2 Ne4 18. Bxe7 Qxe7 19. f3 Nd6 20. Rae1 Qf6 21.
Qb6 Rfd8 22. Rc2 Ne8 23. Rc3 Qe7 24. Bb1 Qd6 25. Qb3 f6 26. Nd3 Bf7 27. Nc5 b5
28. Rce3 Qc6 29. Qa3 Ra8 30. Re7 Nd6 31. Qc3 a5 32. Qc2 g6 33. Qd2 g5 34. Qc2
Bg6 35. Rg7+ Kf8 36. Ne6+ 1-0

[Event "Mistrzostwa Polski Juniorow do lat 16 - Dziewczeta"]
[Site "Jastrzebia Gora"]
[Date "1899-12-30"]
[Round "3.8"]
[White "Siekanska, Maria"]
[Black "Nowak, Zuzanna"]
[Result "1-0"]
[WhiteTitle "k++"]
[BlackTitle "I++"]
[WhiteElo "1996"]
[BlackElo "1427"]

1. d4 d5 2. c4 e6 3. Nf3 Nf6 4. g3 dxc4 5. Bg2 Nbd7 6. O-O Rb8 7. Qc2 b6 8. Ne5
Nxe5 9. dxe5 Nd7 10. Rd1 c5 11. Nd2 Qc7 12. Nxc4 Bb7 13. Nd6+ Bxd6 14. exd6 Qc8
15. e4 O-O 16. b3 Qe8 17. Bb2 f6 18. Bh3 Qf7 19. f4 Rbe8 20. a4 Qg6 21. Bg2 Kh8
22. a5 b5 23. a6 Ba8 24. Qe2 Rb8 25. Bf3 Rfc8 26. e5 Bxf3 27. Qxf3 fxe5 28. Bxe5
Nxe5 29. fxe5 Rf8 30. Qe2 Kg8 31. Rac1 c4 32. bxc4 bxc4 33. Rxc4 Rb3 34. Rg4 Qh6
35. Qd2 Qh5 36. Qg5 Qf7 37. Rf4 Qd7 38. Rxf8+ Kxf8 39. Rc1 h6 40. Qf4+ Kg8 41.
Qc4 1-0

[Event "Mistrzostwa Polski Juniorow do lat 16 - Dziewczeta"]
[Site "Jastrzebia Gora"]
[Date "1899-12-30"]
[Round "3.11"]
[White "Kulczycka, Zofia"]
[Black "Bauer, Maja"]
[Result "1/2-1/2"]
[WhiteTitle "I+"]
[BlackTitle "I"]
[WhiteElo "1547"]
[BlackElo "1383"]

1. e4 c5 2. Nf3 d6 3. d4 cxd4 4. Nxd4 Nf6 5. Nc3 g6 6. f3 Bg7 7. Be3 Nc6 8. Qd2
O-O 9. O-O-O d5 10. Nxc6 bxc6 11. Bc4 Rb8 12. Bb3 Be6 13. h4 h5 14. g4 Qa5 15.
gxh5 Nxh5 16. exd5 Rfd8 17. Bd4 Bxd5 18. Nxd5 Qxd2+ 19. Rxd2 cxd5 20. Bxg7 Kxg7
21. Rxd5 Rxd5 22. Bxd5 Ng3 23. Re1 Nf5 24. Bc4 e6 25. Rh1 Rh8 26. Rd1 Rxh4 27.
Bb3 Nd4 28. Rd3 Rf4 29. c4 Nxf3 30. c5 Ne5 1/2-1/2

[Event "Mistrzostwa Polski Juniorow do lat 16 - Dziewczeta"]
[Site "Jastrzebia Gora"]
[Date "1899-12-30"]
[Round "3.19"]
[White "Oborska, Magda"]
[Black "Danek, Wiktoria"]
[Result "1-0"]
[WhiteTitle "I++"]
[BlackTitle "I"]
[WhiteElo "1613"]
[BlackElo "1161"]

1. e4 e5 2. Nf3 Nc6 3. Bb5 a6 4. Ba4 Bc5 5. O-O Nge7 6. d3 O-O 7. h3 d6 8. Nc3
h6 9. Be3 Ba7 10. Bxa7 Rxa7 11. Ne2 b5 12. Bb3 Na5 13. d4 Nxb3 14. axb3 exd4 15.
Nfxd4 Bb7 16. Nxb5 Ra8 17. Nbc3 Ng6 18. Ng3 Qg5 19. Nd5 Bxd5 20. Qxd5 Qd8 21.
Qc6 Ne5 22. Qc3 Re8 23. Nf5 f6 24. Qg3 g5 25. Nxh6+ Kh7 26. Nf5 Rh8 27. Ra4 c6
28. f4 Nf7 29. fxg5 fxg5 30. Rd1 d5 31. Qc3 Qb6+ 32. Kh1 Rhg8 33. Qf6 Qc7 34.
exd5 cxd5 35. Rxd5 Rg6 36. Rc4 Rxf6 37. Rxc7 Kg6 38. Nd4 Re8 39. Nf3 Rh8 40. Rdd7
Rf8 41. Rxf7 R6xf7 42. Ne5+ Kg7 43. Rxf7+ Rxf7 44. Nxf7 Kxf7 45. Kg1 1-0

[Event "Mistrzostwa Polski Juniorow do lat 16 - Dziewczeta"]
[Site "Jastrzebia Gora"]
[Date "1899-12-30"]
[Round "4.3"]
[White "Tokarz, Izabela"]
[Black "Smietanska, Wiktoria"]
[Result "1/2-1/2"]
[WhiteTitle "I++"]
[BlackTitle "CM"]
[WhiteElo "1725"]
[BlackElo "1954"]

1. d4 d5 2. c4 c6 3. Nf3 Nf6 4. Nc3 e6 5. cxd5 exd5 6. Bg5 Bd6 7. Qc2 O-O 8. e3
h6 9. Bh4 Re8 10. Bd3 Bg4 11. Rb1 a5 12. a3 Nbd7 13. Nd2 Qe7 14. O-O Be6 15. f3
c5 16. Rbe1 Rac8 17. Qd1 Bb8 18. Nb5 Qd8 19. Bb1 Qb6 20. a4 cxd4 21. exd4 Bf4
22. Kh1 Rc6 23. Bd3 Rec8 24. Nb3 Ne8 25. g3 Bb8 26. f4 f5 27. Rxe6 Rxe6 28. Bxf5
Nef6 29. Bxf6 Nxf6 30. Bxe6+ Qxe6 31. Nc5 Qh3 32. Re1 b6 33. Nd3 Ne4 34. Kg1 Kh7
35. Qe2 h5 36. Nf2 Nxf2 37. Qxf2 Qf5 38. Nc3 Rc4 39. Qd2 Bd6 40. Qd1 Rxd4 41.
Qe2 Rb4 42. Qf3 Rxb2 43. Qxd5 Bc5+ 44. Kh1 Qxd5+ 45. Nxd5 Ra2 46. Rb1 Rxa4 47.
Nxb6 Rb4 48. Rxb4 axb4 49. Nc4 b3 50. Nd2 b2 51. Kg2 Kg6 52. Kf3 Kf5 53. h3 Ke6
54. Ke4 Bb4 55. Nb1 Be1 56. g4 h4 57. Na3 Bd2 58. f5+ Kf6 59. Kd5 Bb4 60. Nb1
Be7 61. Nd2 Kg5 62. Ke4 Bb4 63. Nb1 Kf6 64. Kd5 Be7 65. Nd2 Kg5 66. Ke4 Bf6 67.
Nf3+ Kh6 68. Nd2 g6 69. fxg6 Kxg6 70. Nb1 Bg7 71. Na3 Kf6 72. Kd5 Bf8 73. Nb1
Bb4 74. Kc4 Bd6 75. Kd5 Bf8 76. Nd2 Bh6 77. Nb1 Kg5 78. Ke4 Bg7 79. Nd2 Kf6 80.
Kd5 Ke7 81. Nb1 Bf6 82. Na3 Kd7 83. Nb1 Bg5 84. Nc3 Bd2 85. Nb1 Bc1 86. Nc3 Kc7
87. Kc5 Be3+ 88. Kd5 Bc1 89. Kc5 Kb7 90. Nb1 Be3+ 91. Kd5 Kb6 92. Na3 Ka6 93.
Ke4 1/2-1/2

[Event "Mistrzostwa Polski Juniorow do lat 16 - Dziewczeta"]
[Site "Jastrzebia Gora"]
[Date "1899-12-30"]
[Round "4.5"]
[White "Zielinska, Aleksandra"]
[Black "Siekanska, Maria"]
[Result "0-1"]
[WhiteTitle "I++"]
[BlackTitle "k++"]
[WhiteElo "1613"]
[BlackElo "1996"]

1. e4 c5 2. Nf3 d6 3. d4 cxd4 4. Nxd4 Nf6 5. f3 a6 6. c4 e6 7. Nc3 Be7 8. Be3 O-O
9. Qd2 Qc7 10. Be2 Nbd7 11. O-O b6 12. Rfc1 Bb7 13. b4 Rac8 14. a3 Qb8 15. Na4
Rfe8 16. Nb3 Bd8 17. Bf4 Bc7 18. Rd1 d5 19. Bxc7 Rxc7 20. exd5 exd5 21. c5 b5
22. Nc3 Ne5 23. Nd4 Nc4 24. Bxc4 dxc4 25. Nf5 g6 26. Qh6 Nh5 27. Nd6 Rd8 28. Qg5
Rcd7 29. g4 Ng7 30. Nxb7 Ne6 31. Qe3 Qxb7 32. Rxd7 Rxd7 33. Rd1 Rxd1+ 34. Nxd1
Qd7 35. Nf2 Qd4 36. Qxd4 Nxd4 37. Kg2 Kf8 38. Ne4 Nc2 39. c6 Ke7 40. Nc5 Kd6 41.
Kf2 Nxa3 42. Nxa6 Kxc6 43. Ke2 Nc2 44. Kd2 Kb6 45. Kxc2 Kxa6 46. Kc3 Kb6 47. Kd4
Kc6 48. Ke4 f5+ 49. gxf5 gxf5+ 50. Kd4 Kd6 51. f4 Ke6 52. h3 h6 53. h4 h5 54.
Kc3 Kd5 55. Kc2 Ke4 0-1

[Event "Mistrzostwa Polski Juniorow do lat 16 - Dziewczeta"]
[Site "Jastrzebia Gora"]
[Date "1899-12-30"]
[Round "5.1"]
[White "Bar, Klaudia"]
[Black "Szczotka, Klara"]
[Result "1/2-1/2"]
[WhiteTitle "I++"]
[BlackTitle "k++"]
[WhiteElo "1731"]
[BlackElo "1739"]

1. e4 c6 2. d4 d5 3. e5 c5 4. dxc5 e6 5. a3 Bxc5 6. b4 Be7 7. Qg4 g6 8. Nf3 a5
9. b5 Nd7 10. Bb2 Qc7 11. Bd3 h5 12. Qf4 Nh6 13. Nbd2 Nc5 14. Rc1 a4 15. Be2 Nf5
16. c4 Qd8 17. h4 b6 18. Rd1 Bb7 19. Ng5 Rf8 20. Ndf3 Qc7 21. O-O O-O-O 22. Nh7
Rh8 23. Nhg5 Rhf8 24. Nh7 Rh8 25. Nhg5 Rhf8 26. Nh7 Rh8 27. Nhg5 Rhf8 28. Nxf7
Rh8 1/2-1/2

[Event "Mistrzostwa Polski Juniorow do lat 16 - Dziewczeta"]
[Site "Jastrzebia Gora"]
[Date "1899-12-30"]
[Round "5.2"]
[White "Siekanska, Maria"]
[Black "Tokarz, Izabela"]
[Result "1/2-1/2"]
[WhiteTitle "k++"]
[BlackTitle "I++"]
[WhiteElo "1996"]
[BlackElo "1725"]

1. d4 d5 2. c4 e6 3. g3 a6 4. Bg2 dxc4 5. Nf3 b5 6. Ne5 c6 7. O-O Bb7 8. b3 cxb3
9. axb3 Nf6 10. Bb2 Be7 11. Qc2 Qb6 12. Rc1 Nd5 13. Nd3 O-O 14. Nc5 Bc8 15. e4
Nf6 16. Bc3 Nbd7 17. Ba5 Qa7 18. b4 Nxc5 19. dxc5 e5 20. f4 Ng4 21. Qe2 exf4 22.
gxf4 Qd7 23. Rd1 Qe6 24. Qf3 Qc4 25. Qc3 Qe2 26. Qd2 Qe3+ 27. Qxe3 Nxe3 28. Rd3
Nxg2 29. Kxg2 f5 30. e5 g5 31. Nc3 gxf4 32. Kf3 Kf7 33. Ne2 Be6 34. Nd4 Bd5+ 35.
Kxf4 Rg8 36. Rg3 h6 37. e6+ Bxe6 38. Nxe6 Kxe6 39. Re1+ Kf7 40. Kxf5 Rxg3 41.
hxg3 Rg8 42. Bc7 Rg5+ 43. Ke4 h5 44. Bf4 Rg6 1/2-1/2

[Event "Mistrzostwa Polski Juniorow do lat 16 - Dziewczeta"]
[Site "Jastrzebia Gora"]
[Date "1899-12-30"]
[Round "5.3"]
[White "Smietanska, Wiktoria"]
[Black "Zapalowska, Wiktoria"]
[Result "1/2-1/2"]
[WhiteTitle "CM"]
[BlackTitle "I+"]
[WhiteElo "1954"]
[BlackElo "1639"]

1. e4 c6 2. Nf3 d5 3. Nc3 Bg4 4. h3 Bxf3 5. Qxf3 e6 6. g3 Nf6 7. Bg2 Nbd7 8. Qe2
dxe4 9. Nxe4 Nxe4 10. Bxe4 Nf6 11. Bg2 Bd6 12. O-O Qc7 13. d4 O-O 14. Bg5 Be7
15. c3 Rad8 16. h4 h6 17. Bf4 Bd6 18. Bxd6 Qxd6 19. Rfe1 Rfe8 20. Rad1 Qe7 21.
Qf3 Nd5 22. Rd3 Qc7 23. Red1 Nb6 24. Qe2 Re7 25. Re3 Rde8 26. Re1 Qd6 27. Qh5
Nd5 28. R3e2 f6 29. Be4 f5 30. Bc2 Rf7 31. Re5 Ree7 32. Qe2 Rf6 33. a3 g6 34.
Qd2 Kg7 35. Bb3 Rf8 36. Qe2 Rfe8 37. Bc2 Nf6 38. Bb3 Kf7 39. Qd2 Ng4 40. R5e2
Kg7 41. Kg2 Nf6 42. Rd1 Ne4 43. Qe3 a6 44. Bc2 Nf6 45. Qe5 Qd5+ 46. f3 Kf7 47.
Qf4 Kg7 48. Re5 Qd8 49. b4 Qc7 50. Qd2 Nd7 51. Re2 Nb6 52. Bb3 Qd6 53. c4 Qd8
54. Qc3 Kf7 55. a4 Nd7 56. Rf1 Nf6 57. g4 Rd7 58. Rd2 e5 59. d5 cxd5 60. cxd5
Kg7 61. gxf5 gxf5 62. Qc4 e4 63. Qd4 e3 64. Re2 Kh7 65. Rxe3 Rxe3 66. Qxe3 Nxd5
67. Bxd5 Rxd5 68. Re1 Qd7 69. Qe7+ Kg8 70. Qe8+ Qxe8 71. Rxe8+ Kf7 72. Rb8 Rd7
73. Kg3 Kf6 74. b5 axb5 75. axb5 Ke5 76. Re8+ Kf6 77. Rf8+ Ke5 78. Re8+ Kf6 79.
Rh8 Kg7 80. Rb8 Kf6 81. Kf4 Rd4+ 82. Kg3 Rd7 83. b6 Ke5 84. Re8+ Kf6 85. Rh8 Kg7
86. Rc8 Kf6 87. Rc5 Rd6 88. Rb5 Ke6 89. Rb1 Kf6 90. Rb4 Ke5 91. Rb5+ Kf6 1/2-1/2

[Event "Mistrzostwa Polski Juniorow do lat 16 - Dziewczeta"]
[Site "Jastrzebia Gora"]
[Date "1899-12-30"]
[Round "5.4"]
[White "Pawicka, Magdalena"]
[Black "Kicinska, Magdalena"]
[Result "1-0"]
[WhiteTitle "k+"]
[BlackTitle "I++"]
[WhiteElo "1805"]
[BlackElo "1573"]

1. e4 c6 2. d4 d5 3. e5 Bf5 4. Nf3 e6 5. Be2 Nd7 6. O-O c5 7. c3 Ne7 8. dxc5 Nc6
9. Nd4 Bg6 10. b4 Ndxe5 11. f4 Nd7 12. Bg4 Nxd4 13. cxd4 h5 14. Bh3 a5 15. b5
Nxc5 16. f5 exf5 17. dxc5 Bxc5+ 18. Kh1 O-O 19. Bxf5 Qh4 20. Rf4 Qf6 21. Bxg6
Qxg6 22. Bb2 Qg5 23. Rf3 Rfe8 24. Rg3 Qf4 25. Bxg7 Bf2 26. Be5+ Bxg3 27. Bxf4
Re1+ 28. Qxe1 Bxe1 29. Nd2 Bf2 30. Rc1 b6 31. Nf3 d4 32. Rc2 Be3 33. Bxe3 dxe3
34. Kg1 f5 35. Kf1 f4 36. Rc6 1-0

[Event "Mistrzostwa Polski Juniorow do lat 16 - Dziewczeta"]
[Site "Jastrzebia Gora"]
[Date "1899-12-30"]
[Round "5.8"]
[White "Sprzeczka, Emilia"]
[Black "Romejko, Jagoda"]
[Result "1/2-1/2"]
[WhiteTitle "I++"]
[BlackTitle "I"]
[WhiteElo "1887"]
[BlackElo "1483"]

1. e4 e5 2. Nf3 Nc6 3. Bc4 Nf6 4. d3 Bc5 5. O-O O-O 6. h3 h6 7. c3 d6 8. Re1 Be6
9. Bb3 Bxb3 10. axb3 Re8 11. b4 Bb6 12. b5 Ne7 13. c4 c6 14. Nc3 Ng6 15. bxc6
bxc6 16. b4 Rb8 17. b5 Ba5 18. Bd2 Bxc3 19. Bxc3 cxb5 20. cxb5 Rxb5 21. Rxa7 Qb6
22. Qa1 Rf8 23. Qa2 Nf4 24. d4 Qc6 25. Ba1 Nd3 26. Rd1 Qxe4 27. Qc2 Nf4 28. Qxe4
Nxe4 29. dxe5 dxe5 30. Bxe5 Ng6 31. Bd4 Rfb8 32. g3 Rb1 33. Rxb1 Rxb1+ 34. Kg2
Rd1 35. Be3 Nf6 36. h4 Rb1 37. Bd4 Ng4 38. h5 Nf8 39. Ra8 Rc1 40. Bb2 Rc2 41.
Ba3 Rxf2+ 42. Kh3 Rxf3 43. Kxg4 Rxa3 44. Rxa3 Ne6 45. Ra8+ Kh7 46. Ra7 Kg8 47.
Ra8+ Kh7 48. Kf5 Nd4+ 49. Ke5 Nf3+ 50. Kd6 g6 51. Rf8 Kg7 52. Ke7 Ne5 53. g4 gxh5
54. gxh5 Nc6+ 55. Ke8 Ne5 56. Ke7 1/2-1/2

[Event "Mistrzostwa Polski Juniorow do lat 16 - Dziewczeta"]
[Site "Jastrzebia Gora"]
[Date "1899-12-30"]
[Round "6.2"]
[White "Pawicka, Magdalena"]
[Black "Bar, Klaudia"]
[Result "1/2-1/2"]
[WhiteTitle "k+"]
[BlackTitle "I++"]
[WhiteElo "1805"]
[BlackElo "1731"]

1. e4 c5 2. Nf3 Nc6 3. d4 cxd4 4. Nxd4 e5 5. Nb5 d6 6. c4 Be6 7. N1c3 a6 8. Na3
g6 9. Nc2 Bg7 10. Be3 Nge7 11. Qd2 f5 12. f3 Qc7 13. Nd5 Bxd5 14. cxd5 Nd8 15.
Bd3 O-O 16. O-O f4 17. Bf2 g5 18. b4 h5 19. a4 g4 20. Be2 Qd7 21. Qd1 g3 22. hxg3
fxg3 23. Bxg3 Ng6 24. Ne3 Qe7 25. Nf5 Qg5 26. Qc1 Rxf5 27. exf5 Nf4 28. Bxf4 exf4
29. Qc4 Bxa1 30. Rxa1 Qxf5 31. Qe4 Qe5 32. Qxe5 dxe5 33. Rc1 Kf7 34. Rc7+ Kf6
35. Bc4 Rb8 36. Rh7 Rc8 37. Bd3 Rc1+ 38. Kf2 Rd1 39. Be4 Rd2+ 40. Kf1 Nf7 41.
Rxh5 b5 42. axb5 axb5 43. Rf5+ Ke7 44. d6+ Rxd6 1/2-1/2

[Event "Mistrzostwa Polski Juniorow do lat 16 - Dziewczeta"]
[Site "Jastrzebia Gora"]
[Date "1899-12-30"]
[Round "6.3"]
[White "Siekanska, Maria"]
[Black "Kawa, Anna"]
[Result "1-0"]
[WhiteTitle "k++"]
[BlackTitle "I++"]
[WhiteElo "1996"]
[BlackElo "1743"]

1. d4 Nf6 2. c4 g6 3. g3 Bg7 4. Bg2 d6 5. Nf3 O-O 6. O-O c5 7. Nc3 Nc6 8. dxc5
dxc5 9. Qa4 Qa5 10. Nd2 Qxa4 11. Nxa4 Nd4 12. e3 Ne2+ 13. Kh1 Nxc1 14. Raxc1 Nd7
15. Nb3 Rb8 16. Nbxc5 Nxc5 17. Nxc5 b6 18. Nd3 Rd8 19. Rcd1 Ba6 20. b3 Bc3 21.
Nf4 e6 22. Ne2 Bf6 23. a4 Kf8 24. e4 Bb7 25. f4 Bb2 26. e5 Bxg2+ 27. Kxg2 Ke7
28. Kf3 a6 29. Ke3 a5 30. Nd4 Bxd4+ 31. Rxd4 Rxd4 32. Kxd4 Rd8+ 33. Kc3 Rd7 34.
Rf2 Kd8 35. Rd2 Rxd2 36. Kxd2 Kc7 37. Kc3 Kc6 38. b4 h6 39. bxa5 bxa5 40. Kd4
Kb6 41. c5+ Kc7 42. Kc4 Kc6 43. h3 h5 44. h4 1-0

[Event "Mistrzostwa Polski Juniorow do lat 16 - Dziewczeta"]
[Site "Jastrzebia Gora"]
[Date "1899-12-30"]
[Round "6.4"]
[White "Szopa, Emilia"]
[Black "Smietanska, Wiktoria"]
[Result "1/2-1/2"]
[WhiteTitle "I++"]
[BlackTitle "CM"]
[WhiteElo "1709"]
[BlackElo "1954"]

1. e4 c5 2. Nc3 Nc6 3. Nf3 g6 4. d4 cxd4 5. Nxd4 Bg7 6. Be3 Nf6 7. f3 O-O 8. Qd2
d5 9. Nxc6 bxc6 10. O-O-O e6 11. h4 Qa5 12. e5 Nd7 13. Bh6 d4 14. Bxg7 Kxg7 15.
Qxd4 Qxe5 16. h5 Qxd4 17. Rxd4 Nf6 18. h6+ Kg8 19. Rd6 Bb7 20. Be2 Rfd8 21. Rhd1
Rxd6 22. Rxd6 Kf8 23. Na4 Ke7 24. Rd4 Nd7 25. Rb4 Rb8 26. Kd2 c5 27. Rb3 Kd6 28.
Ke3 e5 29. Bc4 f5 30. Rd3+ Ke7 31. Bb5 Nf6 32. Rb3 Rc8 33. Bc4 Bd5 34. Bxd5 Nxd5+
35. Kf2 Rc7 36. g4 fxg4 37. fxg4 Kd6 38. Rb8 Rf7+ 39. Kg3 Nb4 40. Rd8+ Kc7 41.
Rg8 Kd6 42. Rg7 Ke7 43. Rxf7+ Kxf7 44. Nxc5 Nxc2 45. Nd7 g5 46. Nxe5+ Kf6 47.
Nc6 a6 48. Kf3 Ne1+ 49. Ke4 Kg6 50. Ne5+ Kxh6 51. Kf5 Kg7 52. Kxg5 Nc2 53. Nc6
Ne3 54. b4 h6+ 55. Kf4 Nd5+ 56. Ke5 Nc3 57. a3 Kg6 58. Kf4 Nd5+ 59. Kf3 Nb6 60.
Nb8 Nc4 61. a4 a5 62. bxa5 Nxa5 63. Kf4 Kf6 64. Nd7+ Ke6 65. Nc5+ Kd5 66. Nd3
Ke6 67. Ke4 Kf6 68. Kd5 Kg5 69. Ne5 Kf4 70. Nf7 Kxg4 71. Nxh6+ Kg5 72. Nf7+ Kf6
73. Nd8 Nb3 74. Kc4 Ke7 75. Nb7 Nd2+ 76. Kb4 Kd7 77. Nc5+ Kc6 78. a5 Nf3 79. Nb3
Ne5 80. Nd4+ Kd5 81. Kb5 Nc4 82. a6 Nd6+ 83. Kb6 Kxd4 84. Kc6 Nc8 85. Kb7 Nd6+
86. Kc6 Nc8 87. Kb7 Nd6+ 1/2-1/2

[Event "Mistrzostwa Polski Juniorow do lat 16 - Dziewczeta"]
[Site "Jastrzebia Gora"]
[Date "1899-12-30"]
[Round "6.11"]
[White "Pietryk, Joanna"]
[Black "Sprzeczka, Emilia"]
[Result "1-0"]
[WhiteTitle "I"]
[BlackTitle "I++"]
[WhiteElo "1488"]
[BlackElo "1887"]

1. e4 e6 2. d4 d5 3. Bd3 Nf6 4. e5 Nfd7 5. f4 c5 6. c3 Nc6 7. Nf3 Be7 8. O-O O-O
9. Be3 cxd4 10. Nxd4 Nxd4 11. cxd4 f5 12. Nc3 a6 13. g4 g6 14. Kh1 Kh8 15. gxf5
gxf5 16. Rg1 Nc5 17. Be2 Ne4 18. Nxe4 dxe4 19. Bc4 b5 20. Bb3 a5 21. a3 Rb8 22.
Qh5 Rg8 23. Qf7 Bh4 24. Bxe6 Bxe6 25. Qxe6 Qf8 26. Rxg8+ Qxg8 27. Qxf5 Qb3 28.
Qxe4 Qxb2 29. Rg1 Qxa3 30. f5 Qe7 31. d5 Bf6 32. Bd4 Re8 33. d6 Qd8 34. Qd5 Bg7
35. e6 Bf6 36. e7 1-0

[Event "Mistrzostwa Polski Juniorow do lat 16 - Dziewczeta"]
[Site "Jastrzebia Gora"]
[Date "1899-12-30"]
[Round "7.1"]
[White "Szczotka, Klara"]
[Black "Siekanska, Maria"]
[Result "1-0"]
[WhiteTitle "k++"]
[BlackTitle "k++"]
[WhiteElo "1739"]
[BlackElo "1996"]

1. e4 c5 2. Nf3 d6 3. d4 cxd4 4. Nxd4 Nf6 5. Nc3 a6 6. Be3 e6 7. f3 b5 8. a3 Bb7
9. Qd2 Nbd7 10. g4 Nb6 11. O-O-O Rc8 12. h4 Nfd7 13. Rh3 Be7 14. g5 Ne5 15. Qe1
Nec4 16. Bg1 Qc7 17. f4 b4 18. axb4 d5 19. exd5 Nxd5 20. Nxd5 Bxd5 21. Bxc4 Bxc4
22. f5 e5 23. f6 gxf6 24. gxf6 exd4 25. Qxe7+ Qxe7 26. fxe7 Kxe7 27. Bxd4 Rhg8
28. Bc5+ Kf6 29. Rf3+ Ke5 30. Re1+ Kd5 31. Rxf7 Rg6 32. Rxh7 a5 33. Rh5+ Kc6 34.
bxa5 1-0